Catálogo público

Situación actual y perspectivas de la producción y comercialización de nopal (Opuntia – Ficus indica) en el estado de México / (Record no. 219143)

MARC details
000 -CABECERA
campo de control de longitud fija 05759nam a2200421 a 4500
003 - IDENTIFICADOR DEL NÚMERO DE CONTROL
campo de control CHAP
005 - FECHA Y HORA DE LA ÚLTIMA TRANSACCIÓN
campo de control 20240531131256.0
006 - CÓDIGOS DE INFORMACIÓN DE LONGITUD FIJA--CARACTERÍSTICAS DEL MATERIAL ADICIONAL
campo de control de longitud fija a||||fo|||| 00| 0
007 - CAMPO FIJO DE DESCRIPCIÓN FÍSICA--INFORMACIÓN GENERAL
campo de control de longitud fija ta
008 - DATOS DE LONGITUD FIJA--INFORMACIÓN GENERAL
campo de control de longitud fija 230911s2022 mx abdofom||| 001 0 spa d
040 ## - FUENTE DE LA CATALOGACIÓN
Normas de descripción rda
041 ## - CÓDIGO DE LENGUA
Código de lengua del texto/banda sonora o título independiente spa
Código de lengua del sumario o resumen eng
100 1# - ENTRADA PRINCIPAL--NOMBRE DE PERSONA
9 (RLIN) 187923
Nombre de persona Bernal Díaz, Dalia
240 10 - TÍTULO UNIFORME
Título uniforme Current situation and perspectives of the production and merchantability of nopal (Opuntia – Ficus indica) in the state of Mexico.
Lenguaje de la obra Español
245 10 - MENCIÓN DE TÍTULO
Título Situación actual y perspectivas de la producción y comercialización de nopal (Opuntia – Ficus indica) en el estado de México /
Mención de responsabilidad, etc. Dalia Bernal Díaz
264 ## - PRODUCCIÓN, PUBLICACIÓN, DISTRIBUCIÓN, FABRICACIÓN Y COPYRIGHT
Producción, publicación, distribución, fabricación y copyright Chapingo, México :
Nombre del de productor, editor, distribuidor, fabricante El autor,
Fecha de producción, publicación, distribución, fabricación o copyright 2022
300 ## - DESCRIPCIÓN FÍSICA
Extensión 1 recurso en línea (xiv, 89 páginas) :
Otras características físicas ilustraciones, mapas, gráficas, tablas, fotos
336 ## - TIPO DE CONTENIDO
Fuente rdacontent
Término de tipo de contenido texto
Código de tipo de contenido txt
337 ## - TIPO DE MEDIO
Fuente rdamedia
Nombre/término del tipo de medio computadora
Código del tipo de medio c
338 ## - TIPO DE SOPORTE
Fuente rdacarrier
Nombre/término del tipo de soporte recurso en línea
Código del tipo de soporte cr
502 ## - NOTA DE TESIS
Nota de tesis Tesis
Tipo de título (Ingeniero Agroindustrial) --
Nombre de la institución que otorga el título Departamento de Ingeniería Agroindustrial,
Año de obtención del título 2022
Información miscelánea Licenciatura
504 ## - NOTA DE BIBLIOGRAFÍA, ETC.
Nota de bibliografía, etc. Bibliografía: páginas 65-69
520 3# - SUMARIO, ETC.
Sumario, etc. En México existen más de 300 variedades de nopal, todas ellas son comestibles, pero dadas las propiedades de cada variedad sus usos difieren. El nopal es un producto que por sus características permite elaborar una gama amplia de productos en distintas ramas de la industria y ser un producto con alta demanda tanto a nivel nacional como internacional. Aunado a lo anterior, no hay una claridad de cómo están organizados los participantes tanto en la producción, procesamiento y comercialización de nopal. Aun siendo el nopal un vegetal de suma importancia para la alimentación y también es un símbolo de identidad mexicana, en la actualidad existen varias necesidades por parte de los productores tales como adquisición de abono, capacitaciones para la mejora del sistema de producción y comercialización, equipamiento e infraestructura para el proceso productivo, entre otras más. Será posible que al incrementar asesorías técnicas se logre mejorar la producción de este sector, y gracias a esto exista un incremento de los ingresos de las familias que se dedican a esta actividad. En este trabajo se identificó la situación actual y perspectivas de producción y comercialización del nopal verdura (Opuntia ficus indica) en algunos municipios del Estado de México, analizando la problemática a las que se enfrentan los productores para llevar a cabo la producción y las crecientes oportunidades para la comercialización del nopal en sus diferentes presentaciones existentes en el mercado. También se especificó la existencia de apoyos gubernamentales a este sector, programas integrales de industrialización de los productos, se identificaron las vías de comercialización, uso inadecuado o excesivo de plaguicidas en el cultivo e influencia del intermediarismo con respecto al precio. El nopal es un producto que ha avanzado de manera extraordinaria, en los últimos años ha tenido una mayor evolución, pero aún falta por darlo a conocer en su totalidad, con respecto a sus propiedades y cualidades que tiene.
520 3# - SUMARIO, ETC.
Sumario, etc. In Mexico there are more than 300 varieties of nopal, all of them are edible, but given the properties of each variety their uses differ. The nopal is a product that by its characteristics allows to produce a wide range of products in different branches of the industry and to be a product with high demand the nationally and internationally. In addition to the above, there is no clarity of how participants are organized in both the production, processing and marketing of nopal. While the nopal is a plant of the utmost importance for food and is also a symbol of Mexican identity, there are currently several needs on the part of producers such as compost acquisition, training scans for the improvement of the production and marketing, equipment and infrastructure for the production process, among others. It will be possible that by increasing technical advice, the production of this sector will be improved, and thanks to this there is an increase in the income of the families engaged in this activity. This work aims to identify the current situation and prospects for the production and marketing of vegetable nopal (Opuntia ficus indica) in some municipalities of the State of Mexico, analyzing the problems faced by producers in order to carry out production and increasing opportunities for the commercialization of nopal in its different presentations in the market. It will also specify whether there are government supports to this sector, comprehensive product industrialization programmes, identify in routes of marketing, inadequate or excessive use of pesticides in cultivation and influence of intermediary regarding the price. The nopal is a product that has advanced in an extraordinary way, in recent years has had a great revolution, but still needs to make it known in its entirety, with regard to its properties and qualities that it has.
650 13 - PUNTO DE ACCESO ADICIONAL DE MATERIA--TÉRMINO DE MATERIA
9 (RLIN) 83389
Término de materia o nombre geográfico como elemento de entrada Opuntia ficus-indica
Subdivisión general Variedades
650 13 - PUNTO DE ACCESO ADICIONAL DE MATERIA--TÉRMINO DE MATERIA
9 (RLIN) 83389
Término de materia o nombre geográfico como elemento de entrada Opuntia ficus-indica
Subdivisión general Industria y comercio
Subdivisión geográfica México
650 13 - PUNTO DE ACCESO ADICIONAL DE MATERIA--TÉRMINO DE MATERIA
9 (RLIN) 187949
Término de materia o nombre geográfico como elemento de entrada Capacitación técnica
650 13 - PUNTO DE ACCESO ADICIONAL DE MATERIA--TÉRMINO DE MATERIA
9 (RLIN) 157823
Término de materia o nombre geográfico como elemento de entrada Comercialización de alimentos
650 17 - PUNTO DE ACCESO ADICIONAL DE MATERIA--TÉRMINO DE MATERIA
9 (RLIN) 83389
Término de materia o nombre geográfico como elemento de entrada Opuntia ficus-indica
Subdivisión general Varieties
650 17 - PUNTO DE ACCESO ADICIONAL DE MATERIA--TÉRMINO DE MATERIA
9 (RLIN) 83389
Término de materia o nombre geográfico como elemento de entrada Opuntia ficus-indica
Subdivisión general Trade and manufacture
Subdivisión geográfica México
650 13 - PUNTO DE ACCESO ADICIONAL DE MATERIA--TÉRMINO DE MATERIA
9 (RLIN) 187950
Término de materia o nombre geográfico como elemento de entrada Technical training
650 13 - PUNTO DE ACCESO ADICIONAL DE MATERIA--TÉRMINO DE MATERIA
9 (RLIN) 156883
Término de materia o nombre geográfico como elemento de entrada Food marketing
700 1# - PUNTO DE ACCESO ADICIONAL--NOMBRE DE PERSONA
9 (RLIN) 147338
Nombre de persona Reyna Izaguirre, Diana América
Término indicativo de función/relación directora
700 1# - PUNTO DE ACCESO ADICIONAL--NOMBRE DE PERSONA
9 (RLIN) 148600
Nombre de persona Martínez Mosqueda, Francisco
Término indicativo de función/relación asesor
700 1# - PUNTO DE ACCESO ADICIONAL--NOMBRE DE PERSONA
9 (RLIN) 154340
Nombre de persona Esparza Torres, Félix
Término indicativo de función/relación asesor
856 40 - LOCALIZACIÓN Y ACCESO ELECTRÓNICOS
Texto de enlace DESCARGAR PDF
Identificador Uniforme del Recurso http://10.13.5.2/tesis/tl/1410252-3_BERNAL_DIAZ_DALIA.pdf
942 ## - ELEMENTOS DE PUNTO DE ACCESO ADICIONAL (KOHA)
Fuente del sistema de clasificación o colocación Clasificación Universidad Autónoma Chapingo
Tipo de ítem Koha Tesis digital
Holdings
Estado de retiro Estado de pérdida Fuente del sistema de clasificación o colocación Estado dañado No para préstamo Código de colección Localización permanente Ubicación/localización actual Ubicación en estantería Fecha de adquisición Fuente de adquisición Total de préstamos Código de barras Fecha visto por última vez Precio válido a partir de Tipo de ítem Koha Restricciones de uso Signatura topográfica completa
    Clasificación Universidad Autónoma de Chapingo     Tesis digitales de Licenciatura Biblioteca Digital Biblioteca Digital En línea 02/02/2024       02/02/2024 02/02/2024 Tesis digital Préstamo interno Tesis digital
    Clasificación Universidad Autónoma de Chapingo     Tesis digitales de Licenciatura Ingenieria Agroindustrial Ingenieria Agroindustrial En línea 11/09/2023 El autor   1201013768 11/09/2023 11/09/2023 Tesis digital